Knowledge of the external world in Hegel's Phenomenology /
Saved in:
| Main Author: | |
|---|---|
| Format: | Thesis Book |
| Language: | English |
| Published: |
2001.
|
| Tags: |
Add Tag
No Tags, Be the first to tag this record!
|
| LEADER | 00680cam a2200205 a 4500 | ||
|---|---|---|---|
| 001 | u503401 | ||
| 003 | SIRSI | ||
| 008 | 000929s2001 si v 00 10 eng m | ||
| 035 | |a ACV-5061 | ||
| 040 | |a UMM | ||
| 090 | |a B69 |b NUS 2001 Goh | ||
| 100 | 1 | 0 | |a Goh, Kien How. |
| 245 | 1 | 0 | |a Knowledge of the external world in Hegel's Phenomenology / |c Goh Kien How. |
| 260 | |c 2001. | ||
| 300 | |a v, 149 leaves ; |c 30 cm. | ||
| 502 | |a Dissertation (M.A.) -- National University of Singapore, 2001. | ||
| 504 | |a Bibliography: leaves 147-149. | ||
| 948 | |a 22/08/2002 |b 12/11/2002 | ||
| 596 | |a 1 | ||
| 999 | |a B69 NUS 2001 GOH |w LC |c 1 |i A510763472 |l B_KOM4 |m P01UTAMA |r Y |s Y |t TESIS |u 18/11/2002 |o .PUBLIC. BKOM 4 :43442 | ||
